000 00775nam a2200241 i 4500
003 DO-SdBNP
005 20260401095915.0
007 ta
008 260401b2000 dr ac||| |||| 00| 0 spa d
040 _aDO-SdBNP
_bspa
_cBNPHU
_erda
041 _aspa
082 4 _axxx
_bC569c
_222
245 0 4 _aLos cien músicos del siglo /
_bedición, José M. Fernández Pequeño.
264 4 _aSanto Domingo, República Dominicana :
_bEditora Cañabrava,
_c©2000.
300 _a241 páginas :
_bilustraciones ;
_c23 cm.
336 _atexto
_btxt
_2rdacontent
337 _asin mediación
_bn
_2rdamedia
338 _avolumen
_bnc
_2rdacarrier
504 _aBibliografía: página 241
700 1 _aFernández Pequeño, José M.
_eedición
_4ed.
_91143
910 _aLP
942 _2ddc
_cLBS1
999 _c60529
_d60529